Clase 2 : Lengua oral y lengua escrita /

Clase televisiva interactiva. Tema: lengua oral y lengua escrita.

Guardado en:
Autor Corporativo: Consudec.
Formato: Deslizar
Series:Red federal de formación docente continua
Materias:
Etiquetas: Agregar Etiqueta
Sin Etiquetas, Sea el primero en etiquetar este registro!
LEADER 00872ngm a22002655g 4500
001 CEM.cems022284
008 130507b1997##################0###0#####d
005 20241015172926.0
245 1 0 |a Clase 2 :  |b Lengua oral y lengua escrita /  |c Consudec. 
300 |a 28'. 
490 0 |a Red federal de formación docente continua 
500 |a En soporte VHS, consultar en ventanilla. 
520 |a Clase televisiva interactiva. Tema: lengua oral y lengua escrita. 
538 |a Soporte: VHS - Norma: Pal N - Color: Si - Original 1997 - Hitachi=1545 
110 2 |a Consudec. 
082 4 0 |/ CON-1 
653 |a LENGUA 
653 |a LENGUA ORAL 
653 |a LENGUAJE 
653 |a LENGUA ESCRITA 
653 |a ESCRITURA 
653 |a CONSUDEC 
653 |a NIVEL PRIMARIO 
653 |a NIVEL SECUNDARIO 
859 |a CEMS  |b BIB. CEMS - Depto. Recursos Didacticos  |h 407  |i CON-1  |k DRD  |p 927.12  |t Ej.1